00352nam a2200145Ia 450000100060000000800410000602000180004704000130006508200210007810000170009924500630011626000090017930000110018854600070019914013140402s9999 xx 000 0 und d a0-415-06290-X cPK-LaUMT a 330.0941bKAD-H aKadish, Alon aHistorians, economists, and economic historycKadish, Alon c1989 a297 p. aEN